000 01013nam a22002057a 4500
003 BUBTL
008 230510b ||||| |||| 00| 0 eng d
020 _a9845554105
082 _a891.44/ Aw12n/ 2010
100 _95314
_aআউয়াল, আবু হেনা আবদুল
245 _aনজরুলের সাহিত্যচিন্তা ও তাঁর সাহিত্য /
_cআবু হেনা আবদুল আউয়াল
250 _a1st Edn
260 _aঢাকা:
_bনজরুল ইন্সটিটিউট,
_cc2010
300 _a218 p.:
_c22 cm
505 _aনজরুলের সাহিত্যচিন্তা ও তাঁর সাহিত্য, আবু হেনা আবদুল আউয়াল, বাংলা সাহিত্য, কাজী নজরুল ইসলাম
650 0 _91687
_aবাংলা সাহিত্য
856 _k0
_l0
_yDownload
942 _2ddc
_cBK
999 _c7043
_d7043